000 00429nam a2200181Ia 4500
005 20240823055252.0
008 240823s9999||||xx |||||||||||||| ||und||
041 _aENGLISH
082 _A621.3192 N4
100 _aSudhakar A and Shyammohan S P
245 0 _aCircuits and Networks
250 _a1st
260 _c1994
_b"TMH,New Delhi"
500 _aYES
650 _aNetworks
_bElectrical
942 _cBK
999 _c228388
_d228388